MDQL
is popping MORE tags! Check the
thread
!
Quizzes
Events
Quiz Creation
Community
Videos
Private Events
Remove Ads
Sign In
Join for FREE
Feedback
Dark Mode
Quiz Categories
Sports
Geography
Music
Movies
Television
Just For Fun
Miscellaneous
History
Literature
Language
Science
Gaming
Entertainment
Religion
Holiday
For Kids
Quiz Lab
Recent
Popular Today
Quiz Kudos Today
Editor Picks
Curator Picks
Quizzes by...
Day
Popularity
Type
Ratings
Length
Year
Community
Subscriptions
Recent Discussions
Orange Saloon
Badges
Playlists
Quests
Create
Leaderboards
Showdown
Live 5
Trivia Bingo
Activity
Puzzle Library
Sporcle Events
Private Events
Virtual Trivia
Globe League
Become a Host
Pub Owners
SporcleCon
Opinionation
Our Games
Videos
Blog
Mobile Apps
Partnerships
Remove Ads and Go Orange
Feedback
Television
TV Characters
TV Show
Sitcom
Network
Friends
Reality Shows
Cast
South Park
Star Trek
The Simpsons
Doctor Who
Television
TV Characters
TV Show
Sitcom
Network
Friends
Reality Shows
Cast
South Park
Star Trek
The Simpsons
Doctor Who
Random Quiz
Search Sporcle
×
Quiz Lab
Quiz Lab
Television
Pokémon
Type in answers that appear in a list
Type in answers that appear in a list
Classic
Best Score? Go Orange.
Pokemon ledgends Gen1-4 Stats
Can you name the Name Pokemon ledgends?
By
Rubber
10m
34 Questions
31 Plays
31 Plays
31 Plays
Comments
Comments
Give Quiz Kudos
Give Quiz Kudos
-
- Ratings
hide this ad
Replay
Link that replays current quiz
Next Quiz
Link to next quiz in quiz playlist
You Got
0%
They Got
Avg Score
61%
Avg Friend Score
Upgrade to see
Score Distribution
Jump to the score distribution portion of the page
Score
0/34
Timer
10:00
0
Plays Today
Generation
Pokemon
% Correct
Generation I
Mewtwo
96.8%
Generation I
Mew
96.8%
Generation I
Moltres
93.5%
Generation I
Articuno
93.5%
Generation I
Zapdos
93.5%
Entei
87.1%
Generation II
Ho-Oh
77.4%
Generation II
Raikou
74.2%
Generation II
Suicune
74.2%
Generation II
Celebi
67.7%
Generation III
Kyogre
67.7%
Generation III
Groudon
67.7%
Generation III
Rayquaza
67.7%
Generation IV
Palkia
67.7%
Generation III
Regirock
64.5%
Generation III
Registeel
64.5%
Generation III
Regice
64.5%
Generation
Pokemon
% Correct
Generation IV
Dialga
64.5%
Generation III
Jirachi
61.3%
Generation III
Latias
54.8%
Generation III
Latios
54.8%
Generation IV
Regigigas
54.8%
Generation IV
Giratina
51.6%
Generation IV
Darkrai
51.6%
Generation IV
Arceus
51.6%
Generation IV
Heatran
48.4%
Generation III
Deoxys
45.2%
Generation IV
Azelf
45.2%
Generation IV
Shaymin
41.9%
Generation IV
Uxie
38.7%
Generation IV
Cresselia
35.5%
Generation IV
Manaphy
35.5%
Generation IV
Phione
29%
Generation IV
Mespirit
16.1%
Quiz Playlist
Details
Report
Send in Message
Add To Playlist
Classic:
Type in answers that appear in a list
Quiz Source
Last Updated: Feb 16, 2017
Quiz Scoreboard
CHALLENGE
Sign Up to Join the Scoreboard
Show All
Scores
Hide
Comments
May contain spoilers
Recently Published
Two Season TV Shows II
by 123Four
Television
10m
Image Sorting: Flags VI
by Barbecue
Geography
2m
Find the 'City' Movie
by crazypaving
Movies
60s
More to Explore
Quiz From the Vault
Featured Blog Post
14 Easter Pick-up Lines to Find Eggs With
hide this ad
You Might Also Like...
Tags
Pokémon Quiz
legend
Today's Top Quizzes in Television
Browse Television
hide this ad
Today's Top Quizzes in Pokémon
Browse Pokémon
Top Contributed Quizzes in Television
1
Survivor Journey Challenge
2
Adjectives in 00s TV Shows
3
Brooklyn Nine Nine Logic Puzzle (How-To-Play)
4
Even More Two Season TV Shows
5
Total Drama Characters
6
Survivor Logic Puzzle: Heroes vs. Villains
7
Adjectives in 10s TV Shows
8
Survivor Heroes vs. Villains Logic Puzzle
9
Phoebe Buffay Quotes
10
Survivor Seasons
Explore More
Trending Topics
Crossword
Marvel
Kpop
Harry Potter
NBA
Disney
Anime
NFL
Soccer
Puzzle
WWE
Song
Pokémon
Country
The Office
hide this ad
More By:
Rubber
Quiz
Plays
Rating
Category
Featured
Created
Pokemon ledgends Gen1-4
31
Television
Oct 3, 2012
Go to Creator's Profile
Score Distribution
Quiz Creator Spotlight
Rubber
Follow
Send a Message
Quizzes Created
-
Created Quiz Play Count
-
More By This Creator
Popular Quizzes Today
1
Find the US States - No Outlines Minefield
2
Colored Red Africa Blitz
3
Find the 'City' Movie
4
5x2 Blitz: Bands
5
The Countries of the World
6
Find the Countries of Europe - No Outlines Minefield
7
Find the US States
8
US States
More Television Quizzes
Follow That Line: Chandler Bing
Quiz Lab
Trending Quizzes
Colored Red Europe Blitz I
Colored Red Africa Blitz II
Colored Red Europe Blitz II
Colored Red Africa Blitz III
Colored Red Europe Blitz III
Recently Updated
How Do You Spell That?
pecheneg
Godzilla Movies
pecheneg
Grab Bag: 4-10 Letters
pecheneg
2024 March Madness Bracket
pecheneg
Famous TV Couples
Peacemaker
Champions League XIs: Real Madrid
pecheneg
Largest US Cities 1790-2010
pecheneg
Rides in Walt Disney World
pecheneg
Most Oscar Losses (Acting)
pecheneg
Beyoncé Albums
pecheneg
Trending Topics
Anime
Disney
NBA
Crossword
Kpop
Marvel
Harry Potter
The Office
Puzzle
NFL
Soccer
Pokémon
Country
WWE
Song
Your Account Isn't Verified!
In order to create a playlist on Sporcle, you need to verify the email address you used during registration. Go to your
Sporcle Settings
to finish the process.
Report this User
Report this user for behavior that violates our
Community Guidelines
.
Details:
Send Report
Go to the Sporcle.com Mobile Site →
Comments